000 00805nam a22002177a 4500
001 3487
003 FISKH
005 20240312150900.0
008 240312b cb ||||| |||| 00| 0 eng d
040 _aFISK
_beng
_cFISK
_dFISK
100 _aChambers Veronica
_d1970-
245 _aQuinceanera means sweet 15 /
_b
_cVeronica Chambers
260 _aNew York :
_bScholastic,
_c2002
300 _a189 pages :
_c20 cm
505 _aO
520 _aEagerly anticipating her QuinceaƱera, the fifteenth birthday celebration that will signify her adulthood, Marisol is troubled by a lack of money, her mother's new boyfriend, changes in her best friend, and the absence of the father she never knew.
521 8 _a630
_bLexile
700 _aVeronica Chambers
942 _2ddc
_cBK
_n0
999 _c3487
_d3487